• 首页
  • 本馆介绍
  • 公告通知
  • 最新文献
  • 馆藏检索
  • 电子资源
  • 读者导购
  • 参考咨询
  • 我的图书馆
  • 登录
  • 详细信息显示
  • 放入我的书架
  • 预约/预借图书
  • 作者相关作品
  • 分类相关作品
  • 丛书相关作品
  • 出版社相关作品

书目信息

  • 表格格式
  • 工作单格式
  • 卡片格式
题名:
李长之书评
    
 
作者: 伍杰 , 王鸿雁 编
分册: 壹  
出版信息: 石家庄   河北教育出版社  2006
页数: 17,261页
开本: 18cm
丛书名:
单 册:
中图分类: G236
科图分类:
主题词: 书评--中国--现代--选集 , 书评
电子资源:
ISBN: 7-5434-6313-X
000 00814nam0 2200253 45
001 1050764609
005 20100416085136.64
010    @a7-5434-6313-X@dCNY17.60(全5卷88.00)
100    @a20100408d2006 em y0chiy0110 ea
101 0  @achi
102    @aCN@b130000
105    @ay z 000yy
106    @ar
200 1  @a李长之书评@ALi Chang Zhi Shu Ping@h壹@HYi@f伍杰,王鸿雁编@FWu Jie, Wang Hong Yan Bian
210    @a石家庄@c河北教育出版社@d2006
215    @a17,261页@d18cm
330    @a本书共五卷,包括书评理论、现代作品评论、古代作品评论、外国作品评论等几部分内容。
606 0  @a书评@y中国@z现代@j选集
606 0  @a书评
690    @aG236@v4
701  0 @a伍杰@AWu Jie@g(出版工作)@4编
701  0 @a王鸿雁@AWang Hong Yan@g(文学)@4编
801  0 @aCN@bTANGWEI@c20100416
905    @b0590292-95@dG236@e55:1@f4
    
    李长之书评.壹/伍杰,王鸿雁编.-石家庄:河北教育出版社,2006
    17,261页;18cm
    
    
    ISBN 7-5434-6313-X:CNY17.60(全5卷88.00)
    本书共五卷,包括书评理论、现代作品评论、古代作品评论、外国作品评论等几部分内容。
●
相关链接 在E读中查询图书 在五车中查询图书 在当当中查询图书 在豆瓣中查询图书


正题名:李长之书评     索取号:G236/55:1         预约/预借

序号 登录号 条形码 馆藏地/架位号 状态 备注
1 0590292   205902923   第一样本阅览室/ [索取号:G236/55:1] 在馆    
2 0590293   205902932   第四借阅区/ [索取号:G236/55:1] 在馆    
3 0590294   205902941   第四借阅区/ [索取号:G236/55:1] 在馆    
4 0590295   205902950   第四借阅区/ [索取号:G236/55:1] 在馆    
欢迎您!
大连网信软件有限公司© 版权所有